| 000 | 00713nam a22002177a 4500 | ||
|---|---|---|---|
| 005 | 20170124110105.0 | ||
| 010 | _aA-689070 | ||
| 020 |
_c00.00 _a818519551X |
||
| 035 | _aA-689070 | ||
| 037 | _bCen Lib/Ret | ||
| 040 |
_aDPL _bEN |
||
| 082 |
_a954 _bRAY |
||
| 100 |
_aRay, Ujjal _927917 |
||
| 245 |
_aFrom diffidence to reliance : _cby Ujjal Ray _bjourney of a colonial intellectual, 1839-94 / |
||
| 260 |
_bMinerva Associates Pvt. Ltd. _aCalcutta _c1993 |
||
| 270 |
_a7-B, Lake Place _bCalcutta _e700 029 |
||
| 300 |
_a133p. _c20cm(Hb) |
||
| 500 | _aIncludes bibliographical references and index | ||
| 650 |
_aMookerjee, Sambhu Chandra, -- 1839-1894 _927918 |
||
| 942 |
_2ddc _cEN _h954 _mRAY |
||
| 999 |
_c129962 _d129962 |
||